Entry Personal Name
Number of records used in: 1
001 - CONTROL NUMBER
003 - CONTROL NUMBER IDENTIFIER
005 - DATE AND TIME OF LATEST TRANSACTION
- control field:
20200103100930.0
008 - FIXED-LENGTH DATA ELEMENTS
- fixed length control field:
000808n| azannaabn |n aaa
010 ## - LIBRARY OF CONGRESS CONTROL NUMBER
- LC control number:
n 00015148
024 7# - OTHER STANDARD IDENTIFIER
- Standard number or code:
0000000115612446
- Source of number or code:
isni
024 7# - OTHER STANDARD IDENTIFIER
- Standard number or code:
17509501
- Source of number or code:
viaf
035 ## - SYSTEM CONTROL NUMBER
- System control number:
(OCoLC)oca05285137
040 ## - CATALOGING SOURCE
- Original cataloging agency:
DLC
- Language of cataloging:
eng
- Description conventions:
rda
- Transcribing agency:
DLC
- Modifying agency:
OrPOCIP
- Modifying agency:
DLC
- Modifying agency:
OCoLC
- Modifying agency:
IEN
046 ## - SPECIAL CODED DATES
- Birth date:
19380213
- Death date:
2009
100 1# - HEADING--PERSONAL NAME
- Personal name:
Todman, John B.
374 ## - OCCUPATION
- Occupation:
Psychology -- Research -- Methodology
- Source of term:
lcsh
375 ## - GENDER
377 ## - ASSOCIATED LANGUAGE
670 ## - SOURCE DATA FOUND
- Source citation:
Todman, John. Single-case and small-n experimental designs, 2001:
- Information found:
CIP t.p. (John Todman; Univ. of Dundee) book t.p. (John B. Todman; Dept. of Psychology, Univ. of Dundee)
670 ## - SOURCE DATA FOUND
- Source citation:
Approaching multivatiate analysis, 2007:
- Information found:
ECIP t.p. (John Todman) data view (b. Feb. 13, 1938)
675 ## - SOURCE DATA NOT FOUND
- Source citation:
Single-case and small-n experimental designs, c2012: preface p. xiii (Most of all we, are grateful to John Todman for many years of inspiration. This edition owes a great deal to him, not only for his work on the first edition but also for his vision and enthusiasm. Before his death in 2009, he said how much he wished he could work on a new edition that would be accessible to a wider audience) http://media.routledgeweb.com/pp/common/sample-chapters/9780415886932.pdf